000 00223nam a22000857a 4500
008 161128b xxu||||| |||| 00| 0 eng d
100 _91477
_aGupta.S.K.
245 _aGeneral Knowledge Today-4
260 _aNew Delhi
_bS. Chand
_c2008
999 _c4201
_d4201